00710nam a2200169 i 4500001000700000003000900007005001700016007000300033008004100036100003200077245017900109260007800288300002100366490006400387830006400451852002500515124985ES-MaACL20230906192530.0t|070425s1933 sp ||||1| spa d1 aGarcía Ormaechea, Rafael.13aEl accidente de trabajo y la enfermedad profesional b: conferencias dadas en la clínica del trabajo los días 8 y 25 de octubre de 1933 / cpor Rafael García Ormaechea. aMadrid : b[s.n.], c1933 (fSobrinos Sucesores de Minuesa de los Ríos) a32 p. ; c22 cm.1 aPublicaciones del Instituto Nacional de Previsión ; v4000 aPublicaciones del Instituto Nacional de Previsión ; v400 aES-MaACLjC-12643(2)